[Event "III Copa Roggio C"]
[Site "Asuncion PAR"]
[Date "2010.05.23"]
[Round "3"]
[White "Deus Filho,J"]
[Black "Butti,E"]
[Result "1-0"]
[WhiteElo "2048"]
[BlackElo "2089"]
[EventDate "2010.05.20"]

1. e4 e6 2. d3 d5 3. Nd2 Nf6 4. g3 c5 5. Bg2 Nc6 6. Ngf3 Be7 7. O-O O-O 8.
e5 Nd7 9. Re1 b5 10. Nf1 b4 11. h4 a5 12. Bf4 a4 13. N1h2 Ba6 14. Ng5 Qe8
15. Bh3 Bd8 16. Qh5 Bxg5 17. Qxg5 b3 18. axb3 axb3 19. Rxa6 Rxa6 20. c3 Ra2
21. Bc1 Ndxe5 22. Qe3 c4 23. dxc4 Nxc4 24. Qe2 Na7 25. h5 f5 26. h6 g6 27.
Bg2 Qd7 28. Nf3 Nb5 29. Qd1 Ra1 30. Qxb3 Re8 31. Qb4 e5 32. b3 e4 33. bxc4
exf3 34. Rd1 fxg2 35. cxb5 f4 36. Kxg2 f3+ 37. Kxf3 Qf5+ 38. Kg2 Qe4+ 39.
Qxe4 dxe4 40. Kf1 Rc8 41. Kg2 Rb1 42. c4 Rb4 43. Rd7 Rbxc4 44. Rg7+ Kf8 45.
Ba3+ Ke8 46. b6 1-0

[Event "III Copa Roggio C"]
[Site "Asuncion PAR"]
[Date "2010.05.23"]
[Round "3"]
[White "Ippolitti,H"]
[Black "Lipiniks,L"]
[Result "1-0"]
[WhiteElo "2090"]
[BlackElo "1870"]
[EventDate "2010.05.20"]

1. f4 d6 2. Nf3 c5 3. e3 Nf6 4. Be2 Nc6 5. O-O e6 6. d3 d5 7. Nc3 d4 8. Ne4
Nd5 9. exd4 cxd4 10. Qe1 Be7 11. c4 Nf6 12. Nxf6+ Bxf6 13. b4 O-O 14. b5
Ne7 15. Ne5 Ng6 16. Nxg6 hxg6 17. Bd2 a6 18. a4 Re8 19. Qf2 e5 20. fxe5
Rxe5 21. Bf3 axb5 22. axb5 Rxa1 23. Rxa1 Kh7 24. Ra8 Bh4 25. g3 Be7 26.
Bxb7 Rf5 27. Qe2 Bxb7 28. Rxd8 Bxd8 29. Qe8 Bf6 30. Qd7 Bf3 31. b6 Bg4 32.
b7 Be5 33. Bf4 Rxf4 34. gxf4 Bxd7 35. fxe5 1-0

[Event "III Copa Roggio C"]
[Site "Asuncion PAR"]
[Date "2010.05.23"]
[Round "3"]
[White "Alarcon,J"]
[Black "Daneri,M"]
[Result "1/2-1/2"]
[WhiteElo "1748"]
[BlackElo "2109"]
[EventDate "2010.05.20"]

1. d4 f5 2. g3 Nf6 3. Bg2 g6 4. Nf3 Bg7 5. O-O O-O 6. c4 d6 7. Nc3 Nc6 8.
Qc2 e5 9. dxe5 dxe5 10. Rd1 Bd7 11. Bg5 e4 12. Nd4 Nxd4 13. Rxd4 h6 14.
Bxf6 Bxf6 15. Rd2 Qe8 16. Rad1 Be6 17. Nd5 Be5 18. e3 Qf7 19. Bf1 c6 20.
Nf4 Bxf4 21. exf4 Rfe8 22. Rd6 Rac8 23. b3 c5 24. Qc3 Qg7 25. Qe3 Qe7 26.
Bg2 b6 27. f3 exf3 28. Qxf3 Rcd8 29. Rxd8 Rxd8 30. Rxd8+ Qxd8 31. h4 Kg7
32. Qc6 Qd4+ 33. Kh2 Qd7 34. Qf3 Kf6 35. Qa8 Kf7 1/2-1/2

[Event "III Copa Roggio C"]
[Site "Asuncion PAR"]
[Date "2010.05.23"]
[Round "3"]
[White "Escofet,J"]
[Black "Heinrichs,Vivian"]
[Result "1-0"]
[WhiteElo "2076"]
[BlackElo "1870"]
[EventDate "2010.05.20"]

1. Nf3 d5 2. b3 c5 3. Bb2 f6 4. e3 e5 5. Bb5+ Bd7 6. Nc3 Bxb5 7. Nxb5 a6 8.
Nc3 Nc6 9. O-O Nge7 10. d4 e4 11. Ne1 cxd4 12. exd4 Ng6 13. Qh5 Be7 14.
Nxd5 O-O 15. c4 Nb4 16. Nxb4 Bxb4 17. Nc2 Bd6 18. Qd5+ Kh8 19. Qxe4 Qc7 20.
h3 Rae8 21. Qf3 Re7 22. Ne3 Nf4 23. c5 Bxc5 24. dxc5 Rd7 25. Rad1 Rfd8 26.
Rxd7 Rxd7 27. Rd1 Rxd1+ 28. Qxd1 g6 29. Qd2 1-0

[Event "III Copa Roggio C"]
[Site "Asuncion PAR"]
[Date "2010.05.23"]
[Round "3"]
[White "Riva,Eric"]
[Black "Chang,S"]
[Result "0-1"]
[WhiteElo "1639"]
[BlackElo "2031"]
[EventDate "2010.05.20"]

1. Nf3 Nf6 2. g3 g6 3. Bg2 Bg7 4. O-O O-O 5. c4 d6 6. Nc3 Nc6 7. d3 Rb8 8.
Rb1 a6 9. a4 a5 10. e4 e5 11. Ne1 Ng4 12. h3 Nh6 13. Be3 f5 14. Qd2 Nf7 15.
Nd5 g5 16. f3 f4 17. Bf2 fxg3 18. Bxg3 Nh8 19. Nc2 Ng6 20. Na3 Nf4 21. Bxf4
gxf4 22. Nb5 Rf7 23. Qf2 Nd4 24. Ndc3 Ne6 25. Qa7 Bd7 26. Qxa5 b6 27. Qb4
Qh4 28. Nxd6 Bf8 29. c5 cxd6 30. cxd6 Ng5 31. Rf2 Nxh3+ 32. Bxh3 Bxh3 33.
Qb3 Qg3+ 34. Kh1 Qxf2 35. Rg1+ Bg7 36. Qd5 Qxf3+ 37. Kh2 Qh5 0-1

[Event "III Copa Roggio C"]
[Site "Asuncion PAR"]
[Date "2010.05.23"]
[Round "3"]
[White "Villamayor,F"]
[Black "Rivarola,P"]
[Result "1/2-1/2"]
[WhiteElo "1987"]
[BlackElo "1652"]
[EventDate "2010.05.20"]

1. e4 c6 2. d4 d5 3. Nc3 dxe4 4. Nxe4 Nd7 5. Bc4 e6 6. Ne2 Ngf6 7. Ng5 h6
8. Nf3 Bd6 9. O-O O-O 10. Nf4 Qc7 11. Nd3 Re8 12. Re1 Nb6 13. Bb3 Nbd7 14.
Nfe5 Nd5 15. Qh5 Nxe5 16. dxe5 Bf8 17. Re4 Bd7 18. Bxh6 f5 19. Rh4 gxh6 20.
Qg6+ Bg7 21. Rxh6 Re7 22. Re1 Qd8 23. c4 Be8 24. Qg3 Kf8 25. cxd5 Bxh6 26.
Qh3 Rh7 27. Nf4 Bxf4 28. Qxh7 cxd5 29. g3 Bg5 30. Qh8+ Kf7 31. Qh7+ Kf8 32.
Qh8+ Kf7 1/2-1/2

[Event "III Copa Roggio C"]
[Site "Asuncion PAR"]
[Date "2010.05.23"]
[Round "3"]
[White "Roman,R"]
[Black "Gomez Harika,M"]
[Result "1/2-1/2"]
[WhiteElo "1905"]
[BlackElo "1518"]
[EventDate "2010.05.20"]

1. d4 Nf6 2. Nf3 g6 3. Bg5 Bg7 4. Nbd2 d5 5. e3 O-O 6. c4 e6 7. Be2 h6 8.
Bh4 b6 9. O-O Nbd7 10. Ne5 Qe8 11. cxd5 exd5 12. Bb5 Qe6 13. Ndf3 Ne4 14.
Rc1 Nxe5 15. Nxe5 c5 16. Nf3 c4 17. Nd2 a6 18. Ba4 b5 19. Bc2 f5 20. f3 Nd6
21. Bf2 Bd7 22. Qe2 Bc6 23. Rce1 Rae8 24. Qd1 Qe7 25. Nb1 b4 26. Ba4 Qd7
27. Bc2 a5 28. Nd2 a4 29. a3 b3 30. Bb1 Re7 31. f4 Nb5 32. Qc1 Rc8 33. Nf3
Bb7 34. Rd1 c3 35. Bd3 c2 36. Rde1 Ba6 37. Qd2 Qd6 38. Ne5 Rec7 39. Rc1
Bxe5 40. fxe5 Qe6 41. Qa5 Rb7 42. Qxa4 Nc7 43. Bxa6 Qxa6 44. Qd7 Qe6 45.
Qxe6+ Nxe6 1/2-1/2

[Event "III Copa Roggio C"]
[Site "Asuncion PAR"]
[Date "2010.05.23"]
[Round "3"]
[White "Chavez,Ni"]
[Black "Luzuriaga,N"]
[Result "1-0"]
[WhiteElo "1700"]
[BlackElo "1885"]
[EventDate "2010.05.20"]

1. e4 d6 2. f4 Nf6 3. Nc3 g6 4. Nf3 Bg7 5. Bc4 c6 6. d3 d5 7. Bb3 dxe4 8.
dxe4 Qxd1+ 9. Kxd1 Na6 10. Be3 Ng4 11. Bg1 Nc7 12. h3 Nf6 13. g3 b5 14. a3
Bb7 15. Ke2 O-O 16. Bc5 Rfe8 17. Rhd1 Na6 18. Bf2 c5 19. e5 Ne4 20. Nxe4
Bxe4 21. Bxf7+ Kxf7 22. Ng5+ Kg8 23. Nxe4 Bf8 24. Rd7 Rec8 25. Rb7 Rcb8 26.
Rxb8 Rxb8 27. Nxc5 Nxc5 28. Bxc5 Rc8 29. b4 Kf7 30. a4 a6 31. axb5 axb5 32.
Ra5 1-0

[Event "III Copa Roggio C"]
[Site "Asuncion PAR"]
[Date "2010.05.23"]
[Round "3"]
[White "Laterza,Martin"]
[Black "Benitez,J"]
[Result "0-1"]
[WhiteElo "1494"]
[BlackElo "1830"]
[EventDate "2010.05.20"]

1. e4 e6 2. Qe2 c5 3. Nf3 d6 4. g3 Nc6 5. Bg2 Nf6 6. d3 h6 7. Nc3 a6 8. Be3
b5 9. a3 Qc7 10. O-O Be7 11. Nd2 Bb7 12. f4 O-O 13. Nf3 Ng4 14. Bd2 b4 15.
axb4 cxb4 16. Nd1 a5 17. b3 Bf6 18. Ra2 Nd4 19. Nxd4 Bxd4+ 20. Kh1 f5 21.
Ne3 Nxe3 22. Bxe3 Qb6 23. Bxd4 Qxd4 24. Rfa1 Qb6 25. exf5 Bxg2+ 26. Kxg2
exf5 27. Qf2 Qc6+ 28. Qf3 Qc5 29. Qf2 Qc7 30. Qd4 Kh8 31. Qd5 Rae8 32. Kf1
Re6 33. Qc4 Qb7 34. d4 Qf3+ 35. Kg1 Re2 36. Qxe2 Qxe2 37. c4 Qe3+ 38. Kh1
Re8 39. Rxa5 Qxd4 0-1

[Event "III Copa Roggio C"]
[Site "Asuncion PAR"]
[Date "2010.05.23"]
[Round "3"]
[White "Battaglia,J"]
[Black "Torres,Mauricio"]
[Result "1-0"]
[WhiteElo "1806"]
[BlackElo "1649"]
[EventDate "2010.05.20"]

1. d4 Nf6 2. Nf3 g6 3. Nc3 Bg7 4. e4 d6 5. Bc4 O-O 6. h3 Nbd7 7. O-O Nb6 8.
Bb3 a5 9. a3 a4 10. Ba2 c6 11. Bg5 h6 12. Bh4 Nbd7 13. Re1 c5 14. e5 dxe5
15. dxe5 Nh5 16. e6 Nb6 17. Qxd8 Rxd8 18. exf7+ Kh7 19. Bxe7 Rh8 20. Bxc5
Nd7 21. Bd6 Ra6 22. Rad1 Nf8 23. Re8 Rc6 24. Ne5 Bxe5 25. Bxe5 Ng7 26. Rdd8
Be6 27. Rxf8 Rxf8 28. Rxf8 1-0

[Event "III Copa Roggio C"]
[Site "Asuncion PAR"]
[Date "2010.05.23"]
[Round "3"]
[White "Saldana,I"]
[Black "Estigarribia,M"]
[Result "1-0"]
[WhiteElo "1833"]
[BlackElo "1706"]
[EventDate "2010.05.20"]

1. e4 d6 2. d4 Nf6 3. Bd3 g6 4. Ne2 Bg7 5. Be3 Nbd7 6. f3 h5 7. c4 c6 8.
Nbc3 a6 9. Qd2 b5 10. b3 Bb7 11. O-O e5 12. Rad1 Rc8 13. d5 cxd5 14. cxd5
Nb6 15. h3 Nfd7 16. Bg5 f6 17. Be3 h4 18. f4 Bh6 19. Rf3 Rf8 20. Rdf1 Qe7
21. Nd1 Nxd5 22. exd5 e4 23. Bxe4 Qxe4 24. Nec3 Qb4 25. Qd3 f5 26. Bd4 Kd8
27. Re1 Nc5 28. Qe3 Rc7 29. Bf6+ Kc8 30. Bxh4 Bg7 31. Kh1 Bd4 32. Qe2 Kb8
33. Qf1 Rfc8 34. Bf2 Nd7 35. Bxd4 Qxd4 36. Qd3 Qxd3 37. Rxd3 Nc5 38. Rd4 b4
39. Nb1 a5 40. Nd2 Ba6 41. Nb2 Bb5 42. Nbc4 Bxc4 43. Nxc4 Ne4 44. Rdxe4
fxe4 45. Rxe4 Ra7 46. Re6 Ra6 47. Rxg6 Rf8 48. Rg4 Rc8 49. f5 Rf8 50. Rf4
Kc7 51. g4 a4 52. Kg2 axb3 53. axb3 Kd7 54. h4 Ra2+ 55. Kg3 Ra1 56. g5 Rfa8
57. Ne3 Re8 58. Ng2 Re5 59. f6 Ke8 60. g6 Ra8 61. Rd4 Rb8 62. Rd3 Rf5 63.
f7+ Kf8 64. Kg4 Rf6 65. h5 Rc8 66. Rd4 Rc2 67. Nf4 Rc1 68. Kg5 Rxf7 69.
gxf7 Kxf7 70. Rxb4 Rg1+ 71. Kf5 Re1 72. Rb7+ Ke8 73. h6 Kf8 74. h7 Rh1 75.
h8=Q+ Rxh8 76. Rb8+ Kg7 77. Rxh8 Kxh8 1-0

[Event "III Copa Roggio C"]
[Site "Asuncion PAR"]
[Date "2010.05.23"]
[Round "3"]
[White "Moreno,M"]
[Black "Florentin,Dam"]
[Result "0-1"]
[WhiteElo "1511"]
[BlackElo "1782"]
[EventDate "2010.05.20"]

1. e4 e5 2. Nf3 Nc6 3. Bb5 a6 4. Ba4 Nf6 5. O-O d6 6. Re1 Be7 7. c3 O-O 8.
d4 Bg4 9. d5 Nb8 10. Nbd2 g6 11. h3 Bc8 12. Nf1 Kg7 13. Bc2 Ng8 14. g4 Nd7
15. Ng3 Ndf6 16. Be3 Bd7 17. Nh2 c5 18. Qd2 Bc8 19. f4 Nd7 20. Rf1 exf4 21.
Bxf4 Ne5 22. Rf2 b5 23. Raf1 f6 24. Nf3 Bd7 25. Kh2 Qc7 26. g5 Rae8 27. Rg1
Nxf3+ 28. Rxf3 fxg5 29. Qe3 gxf4 30. Nh5+ Kh8 31. Nxf4 Rf6 32. Nd3 Rxf3 33.
Qxf3 Rf8 34. Qg3 Bf6 35. Qg2 c4 36. Nf2 Be5+ 37. Kh1 Qd8 38. Bd1 Qh4 39.
Bf3 Qf4 0-1

[Event "III Copa Roggio C"]
[Site "Asuncion PAR"]
[Date "2010.05.24"]
[Round "4"]
[White "Villalba,M"]
[Black "Genta,A"]
[Result "1/2-1/2"]
[WhiteElo "2107"]
[BlackElo "2106"]
[EventDate "2010.05.20"]

1. e4 c5 2. Nf3 e6 3. d4 cxd4 4. Nxd4 a6 5. Nc3 Qc7 6. Be2 Nc6 7. Be3 Nf6
8. O-O Be7 9. f4 d6 10. Qe1 O-O 11. Qg3 Re8 12. Rad1 Nd7 13. f5 Nxd4 14.
Bxd4 Ne5 15. f6 Bf8 16. fxg7 Bxg7 17. Bh5 Rf8 18. Rf6 Ng6 19. Bxg6 hxg6 20.
Qh4 Qa5 21. Rf2 Bxd4 22. Rxd4 Qe5 23. Rd3 Bd7 24. Rfd2 Bc6 25. Rxd6 Kg7 26.
Qg3 Qxg3 27. hxg3 Rh8 28. Kf2 Rh2 29. Ke3 Kf6 30. a4 Rah8 31. b4 R8h5 32.
a5 Rg5 33. Kf4 Rh1 34. Ne2 Rf1+ 35. Ke3 Re5 36. R6d4 Ke7 37. Nf4 Rg5 38.
Ne2 1/2-1/2

[Event "III Copa Roggio C"]
[Site "Asuncion PAR"]
[Date "2010.05.24"]
[Round "4"]
[White "Escofet,J"]
[Black "Vazquez,G"]
[Result "0-1"]
[WhiteElo "2076"]
[BlackElo "2004"]
[EventDate "2010.05.20"]

1. Nf3 g6 2. e4 Bg7 3. d4 d6 4. Nc3 Nf6 5. Be2 O-O 6. O-O c5 7. dxc5 dxc5
8. Be3 Qa5 9. h3 Rd8 10. Qc1 Nc6 11. Bc4 Qb4 12. Bb3 Nd4 13. Bxd4 cxd4 14.
a3 Qc5 15. Rd1 Be6 16. Bxe6 dxc3 17. b4 Qb6 18. Bb3 Nxe4 19. Qf4 Qxf2+ 20.
Kh2 Nd6 21. Rf1 Qb6 22. Rae1 e6 23. Ng5 Rf8 24. Qh4 h6 25. Nxe6 fxe6 26.
Rxe6 Kh7 27. Rd1 Qc7 28. Re7 Qb8 29. Rxg7+ Kxg7 30. Kg1 Rf6 31. Qd4 Qc7 0-1

[Event "III Copa Roggio C"]
[Site "Asuncion PAR"]
[Date "2010.05.24"]
[Round "4"]
[White "Latorre,Mat"]
[Black "Deus Filho,J"]
[Result "1-0"]
[WhiteElo "2072"]
[BlackElo "2048"]
[EventDate "2010.05.20"]

1. Nf3 Nf6 2. d4 e6 3. Bg5 Be7 4. e3 Ne4 5. Bxe7 Qxe7 6. Nbd2 f5 7. c4 b6
8. Nxe4 fxe4 9. Nd2 Bb7 10. Qh5+ Qf7 11. Qxf7+ Kxf7 12. Rc1 d6 13. g4 h5
14. g5 Na6 15. a3 c5 16. Bg2 d5 17. f3 cxd4 18. exd4 Rhd8 19. fxe4 dxe4 20.
Nb3 Kg6 21. h4 Rf8 22. Ke2 Rf4 23. Rcf1 Raf8 24. Ke3 Rxf1 25. Rxf1 Rxf1 26.
Bxf1 Kf7 27. Nd2 Ke7 28. Nxe4 g6 29. Ng3 Nc7 30. Bd3 Kf7 31. Ne2 b5 32. b3
bxc4 33. bxc4 Ba6 34. Nf4 Kg7 35. Bxg6 Bxc4 36. Be4 Nb5 37. Nxh5+ Kf8 38.
a4 Nd6 39. Bc2 Bd5 40. Kf4 Nc4 41. Bb3 Kf7 42. Nf6 1-0

[Event "III Copa Roggio C"]
[Site "Asuncion PAR"]
[Date "2010.05.24"]
[Round "4"]
[White "Chang,S"]
[Black "Ippolitti,H"]
[Result "1/2-1/2"]
[WhiteElo "2031"]
[BlackElo "2090"]
[EventDate "2010.05.20"]

1. d4 Nf6 2. c4 g6 3. Nc3 Bg7 4. e4 O-O 5. Be2 c5 6. d5 e6 7. Be3 d6 8. e5
dxe5 9. Bxc5 Re8 10. Nf3 Na6 11. Ba3 e4 12. Ng5 exd5 13. cxd5 h6 14. Nh3
Bxh3 15. gxh3 Qa5 16. Qb3 Nc5 17. Qb4 Nd3+ 18. Bxd3 exd3+ 19. Kf1 Qa6 20.
Rd1 Rad8 21. d6 Qc6 22. Rg1 Qf3 23. Rg3 Qh1+ 24. Rg1 Qf3 25. Rg3 Qh1+ 26.
Rg1 Qxh2 27. Rxd3 Re1+ 28. Kxe1 Qxg1+ 29. Ke2 Re8+ 30. Re3 Rxe3+ 31. fxe3
Qg2+ 32. Kd3 Nd7 33. Ne2 Ne5+ 34. Kd2 Qd5+ 35. Nd4 Nc4+ 36. Kd3 Ne5+ 37.
Kd2 Qg2+ 38. Ne2 Qd5+ 39. Nd4 Nc4+ 40. Kd3 Nxa3 41. Qxa3 Bf8 42. Qxa7 Bxd6
43. e4 Qh5 44. Qxb7 Qxh3+ 45. Kc4 Qg4 46. a4 1/2-1/2

[Event "III Copa Roggio C"]
[Site "Asuncion PAR"]
[Date "2010.05.24"]
[Round "4"]
[White "Goiriz,Y"]
[Black "Diaz,Fe"]
[Result "1-0"]
[WhiteElo "2052"]
[BlackElo "1999"]
[EventDate "2010.05.20"]

1. d4 Nf6 2. c4 e6 3. Nc3 Bb4 4. e3 Bxc3+ 5. bxc3 d6 6. Bd3 O-O 7. e4 e5 8.
Ne2 Re8 9. f3 Nc6 10. Be3 Ne7 11. Qd2 Ng6 12. O-O c6 13. Ng3 Qc7 14. Bg5
Nd7 15. Nh5 f6 16. Bh6 Re7 17. c5 gxh6 18. Bc4+ Kh8 19. Qxh6 Ndf8 20. f4
exf4 21. Rxf4 Be6 22. cxd6 Qxd6 23. Rxf6 Qd7 24. Raf1 Kg8 25. Bxe6+ Rxe6
26. Rxe6 1-0

[Event "III Copa Roggio C"]
[Site "Asuncion PAR"]
[Date "2010.05.24"]
[Round "4"]
[White "Butti,E"]
[Black "Chavez,Ni"]
[Result "1-0"]
[WhiteElo "2089"]
[BlackElo "1700"]
[EventDate "2010.05.20"]

1. d4 Nf6 2. Nf3 e6 3. e3 b6 4. Bd3 Bb7 5. O-O Be7 6. b3 O-O 7. Bb2 c5 8.
c4 d6 9. Nc3 Nbd7 10. Ng5 h6 11. Nge4 Nxe4 12. Nxe4 Nf6 13. Ng3 Qc7 14. f4
Rfe8 15. Qe2 a5 16. Kh1 a4 17. Rae1 axb3 18. axb3 Bc6 19. e4 cxd4 20. e5
dxe5 21. fxe5 Nd7 22. Bxd4 Bb4 23. Rd1 Nc5 24. Nh5 Nxd3 25. Qg4 f5 26. exf6
Ra2 27. f7+ Qxf7 28. Rxf7 Rxg2 29. Rxg7+ Kh8 30. Rg8+ 1-0

[Event "III Copa Roggio C"]
[Site "Asuncion PAR"]
[Date "2010.05.24"]
[Round "4"]
[White "Benitez,J"]
[Black "Villamayor,F"]
[Result "1/2-1/2"]
[WhiteElo "1830"]
[BlackElo "1987"]
[EventDate "2010.05.20"]

1. e4 c5 2. Nf3 e6 3. d4 cxd4 4. Nxd4 Nf6 5. Nc3 Bb4 6. Bd3 Qc7 7. Bd2 Nc6
8. Nxc6 bxc6 9. O-O d5 10. Qe2 d4 11. Nd1 Bxd2 12. Qxd2 e5 13. c3 O-O 14.
cxd4 Rd8 15. dxe5 Qxe5 16. Qc2 Ng4 17. g3 Qh5 18. h4 Ne5 19. Be2 Nf3+ 20.
Bxf3 Qxf3 21. Ne3 Ba6 22. Rfd1 Be2 23. Rd2 Rxd2 24. Qxd2 Ba6 25. Rd1 Re8
26. Nf5 g6 27. Nd6 Re6 28. Re1 Qf6 29. Rd1 Qf3 30. b3 c5 31. Re1 Qf6 32.
Rd1 Qf3 33. Qd5 Be2 34. Re1 Qd3 35. Qxd3 Bxd3 36. Nb7 c4 37. Nc5 Rc6 38. b4
a5 39. Rc1 Be2 40. a3 axb4 41. axb4 Rb6 42. Rc2 Bd3 43. Nxd3 cxd3 44. Rb2
Rd6 45. Rd2 Rd4 46. f3 Rxb4 47. Rxd3 Rb7 48. Kf1 h5 49. Ke1 Rb2 50. f4
1/2-1/2

[Event "III Copa Roggio C"]
[Site "Asuncion PAR"]
[Date "2010.05.24"]
[Round "4"]
[White "Rivarola,P"]
[Black "Roman,R"]
[Result "0-1"]
[WhiteElo "1652"]
[BlackElo "1905"]
[EventDate "2010.05.20"]

1. d4 c5 2. dxc5 e6 3. Nf3 Bxc5 4. g3 Nf6 5. Bg2 O-O 6. O-O Nc6 7. c4 d5 8.
b3 dxc4 9. Qc2 Qb6 10. Qxc4 e5 11. e3 Be6 12. Qh4 Be7 13. Ng5 Bf5 14. Ba3
Nb4 15. Bxb4 Bxb4 16. Nf3 Bd3 17. Rc1 Rac8 18. Rxc8 Rxc8 19. Nbd2 e4 20.
Nc4 Bxc4 21. bxc4 exf3 22. Bxf3 Qa6 23. Be2 Bc3 24. Rb1 Qxa2 25. Bd3 Qd2
26. Bf5 Rd8 27. Qf4 g6 28. Rxb7 Qd6 29. Qxd6 Rxd6 30. Bc2 a5 31. Ba4 Ne4
32. f3 Nc5 33. Rb8+ Kg7 34. Bb5 Rd1+ 35. Kg2 Rd2+ 36. Kh3 Re2 37. Re8 Bb4
38. e4 a4 0-1

[Event "III Copa Roggio C"]
[Site "Asuncion PAR"]
[Date "2010.05.24"]
[Round "4"]
[White "Lipiniks,L"]
[Black "Alarcon,J"]
[Result "1-0"]
[WhiteElo "1870"]
[BlackElo "1748"]
[EventDate "2010.05.20"]

1. e4 c5 2. d4 cxd4 3. Nf3 d6 4. Nxd4 Nf6 5. Nc3 e5 6. Nb3 Be6 7. Bg5 Be7
8. Bb5+ Nbd7 9. Bxf6 gxf6 10. Nd5 a6 11. Bxd7+ Bxd7 12. Nxe7 Qxe7 13. Qd2
Rd8 14. O-O-O Bc6 15. f3 h5 16. Na5 d5 17. Nxc6 bxc6 18. Qa5 Qb7 19. exd5
cxd5 20. Rd3 Rd6 21. Rhd1 d4 22. Rb3 Qa7 23. f4 Re6 24. Qb4 Rh6 25. f5 Rc6
26. c3 dxc3 27. Rd8+ Kxd8 28. Qf8+ Kd7 29. Qxf7+ 1-0

[Event "III Copa Roggio C"]
[Site "Asuncion PAR"]
[Date "2010.05.24"]
[Round "4"]
[White "Gomez Harika,M"]
[Black "Saldana,I"]
[Result "1/2-1/2"]
[WhiteElo "1518"]
[BlackElo "1833"]
[EventDate "2010.05.20"]

1. e4 c5 2. Nf3 d6 3. d4 cxd4 4. Nxd4 a6 5. Nc3 e5 6. Nf3 Nf6 7. Bg5 Be7 8.
Bxf6 Bxf6 9. Bc4 Be6 10. Bb3 O-O 11. O-O Qe7 12. Nd5 Bxd5 13. Bxd5 Nc6 14.
c3 Rac8 15. Qe2 Rfd8 16. Rfd1 Rd7 17. Rd2 g6 18. Ne1 Nd8 19. Nc2 Ne6 20. g3
Bg5 21. Rdd1 Bh6 22. Bc4 Qg5 23. Kh1 Bf8 24. Ne3 Nc7 25. Qf3 Bg7 26. Rd2 h5
27. h4 Qe7 28. Rad1 Rcd8 29. Bd5 Ne8 30. Nc4 Nf6 31. Nb6 Rc7 32. c4 Nd7 33.
Qb3 Nc5 34. Qa3 Bf8 35. b4 Ne6 36. Bxe6 Qxe6 1/2-1/2

[Event "III Copa Roggio C"]
[Site "Asuncion PAR"]
[Date "2010.05.24"]
[Round "4"]
[White "Heinrichs,Vivian"]
[Black "Florentin,Dam"]
[Result "1-0"]
[WhiteElo "1870"]
[BlackElo "1782"]
[EventDate "2010.05.20"]

1. e4 e5 2. Nf3 Nc6 3. d4 exd4 4. Nxd4 Nf6 5. Nxc6 bxc6 6. e5 Qe7 7. Qe2
Nd5 8. c4 Nb6 9. b3 d5 10. exd6 cxd6 11. Bb2 f6 12. Nd2 Ba6 13. Ba3 Nd7 14.
Ne4 Qe5 15. Nxd6+ Bxd6 16. Bxd6 Qxe2+ 17. Bxe2 Kf7 18. O-O Rhe8 19. Bf3 Re6
20. Rad1 Bb7 21. Rfe1 Rae8 22. Rxe6 Rxe6 23. Bg4 h6 24. Bxe6+ Kxe6 25. Bg3
g5 26. h4 g4 27. Re1+ Ne5 28. Bxe5 fxe5 29. Rd1 Ke7 30. f3 Bc8 31. c5 gxf3
32. gxf3 Be6 33. Rd6 Bd5 34. Kf2 a5 35. Rxh6 a4 36. bxa4 Bxa2 37. Rxc6 1-0

[Event "III Copa Roggio C"]
[Site "Asuncion PAR"]
[Date "2010.05.24"]
[Round "4"]
[White "Luzuriaga,N"]
[Black "Riva,Eric"]
[Result "0-1"]
[WhiteElo "1885"]
[BlackElo "1639"]
[EventDate "2010.05.20"]

1. d4 e6 2. c4 f5 3. g3 Nf6 4. Bg2 Be7 5. e3 O-O 6. Ne2 d5 7. Nd2 c6 8. O-O
Ne4 9. c5 b6 10. cxb6 axb6 11. f3 Nf6 12. b3 Na6 13. a3 Nb4 14. a4 b5 15.
Bb2 bxa4 16. Rxa4 Rxa4 17. bxa4 Ba6 18. Nb1 Nd3 19. Ba1 Qb6 20. Qc2 Rb8 21.
Nbc3 Qb3 22. Qxb3 Rxb3 23. Rb1 Rxb1+ 24. Nxb1 Nd7 25. a5 Ne1 26. Nc1 Nc2
27. Bc3 Nxe3 28. Bh1 Nc4 29. Nd3 c5 30. dxc5 Nxa5 31. Bxa5 Bxd3 32. c6 Bc5+
33. Kg2 Bb6 34. Bxb6 Nxb6 35. Na3 Kf8 36. Kf2 Ke7 37. Ke3 Ba6 38. Kd4 Kd6
39. Nc2 e5+ 40. Ke3 Nc4+ 0-1

[Event "III Copa Roggio C"]
[Site "Asuncion PAR"]
[Date "2010.05.24"]
[Round "4"]
[White "Torres,Mauricio"]
[Black "Laterza,Martin"]
[Result "1/2-1/2"]
[WhiteElo "1649"]
[BlackElo "1494"]
[EventDate "2010.05.20"]

1. e4 d5 2. e5 Bf5 3. d4 e6 4. Nf3 c5 5. c3 Nc6 6. h3 Qb6 7. Nh4 Bg6 8. Nf3
cxd4 9. cxd4 Bb4+ 10. Nc3 Nge7 11. a3 Bxc3+ 12. bxc3 O-O 13. Bd3 Rac8 14.
Rb1 Qc7 15. Bxg6 Nxg6 16. O-O a6 17. a4 Na5 18. Bb2 Nc4 19. Ba1 Qc6 1/2-1/2

[Event "III Copa Roggio C"]
[Site "Asuncion PAR"]
[Date "2010.05.24"]
[Round "4"]
[White "Estigarribia,M"]
[Black "Moreno,M"]
[Result "1-0"]
[WhiteElo "1706"]
[BlackElo "1511"]
[EventDate "2010.05.20"]

1. d4 Nf6 2. c4 g6 3. Nc3 Bg7 4. e4 d6 5. f3 O-O 6. Be3 Nc6 7. Qd2 e5 8. d5
Ne7 9. g4 c6 10. h4 Qc7 11. h5 Rd8 12. Qh2 Bd7 13. Nge2 Rac8 14. Ng3 gxh5
15. g5 Ne8 16. Qxh5 Ng6 17. Qxh7+ Kf8 18. Nh5 Bh8 19. Ne2 Ng7 20. Nf6 Ne8
21. Nxd7+ Qxd7 22. Bh3 Qc7 23. Bxc8 Qxc8 24. Ng3 Ng7 25. Qh3 Qc7 26. Rf1
Qa5+ 27. Bd2 Qc5 28. b3 Qd4 29. Rd1 Qb2 30. f4 exf4 31. Nf5 Qe5 32. Nxg7
Qxe4+ 33. Kf2 Bxg7 34. Rfe1 Bd4+ 35. Kf1 Qc2 36. Qf3 Qxa2 37. Bxf4 Nxf4 38.
Rxd4 Ng6 39. dxc6 bxc6 40. Qf6 Rd7 41. Rde4 Ne5 42. g6 1-0

[Event "III Copa Roggio C"]
[Site "Asuncion PAR"]
[Date "2010.05.25"]
[Round "5"]
[White "Vazquez,G"]
[Black "Genta,A"]
[Result "1/2-1/2"]
[WhiteElo "2004"]
[BlackElo "2106"]
[EventDate "2010.05.20"]

1. c4 g6 2. Nc3 Bg7 3. g3 d6 4. Bg2 e5 5. e3 c5 6. Nge2 Nc6 7. O-O Nge7 8.
d3 O-O 9. a3 Be6 10. Nd5 Qd7 11. Rb1 Bh3 12. b4 Bxg2 13. Kxg2 Nxd5 14. cxd5
Ne7 15. e4 b6 16. Be3 f5 17. f3 Rf7 18. a4 Raf8 19. Bg1 h5 20. h3 Bh6 21.
a5 Nc8 22. axb6 axb6 23. bxc5 bxc5 24. Bh2 Bg5 25. h4 Bh6 26. Ng1 f4 27.
Nh3 fxg3 28. Bxg3 Qe7 29. Kh2 Kh8 30. Qe2 g5 1/2-1/2

[Event "III Copa Roggio C"]
[Site "Asuncion PAR"]
[Date "2010.05.25"]
[Round "5"]
[White "Latorre,Mat"]
[Black "Villalba,M"]
[Result "1-0"]
[WhiteElo "2072"]
[BlackElo "2107"]
[EventDate "2010.05.20"]

1. d4 Nf6 2. c4 g6 3. f3 Bg7 4. e4 d6 5. Be3 O-O 6. Qd2 c5 7. d5 e6 8. Ne2
exd5 9. cxd5 Nbd7 10. Nec3 Re8 11. a4 Nh5 12. Be2 f5 13. exf5 gxf5 14. Bg5
Bf6 15. f4 Bxg5 16. fxg5 Ne5 17. O-O Ng7 18. Na3 a6 19. b3 Rb8 20. Nc4 Nxc4
21. bxc4 Qa5 22. Bf3 Bd7 23. h4 Re5 24. h5 Qb4 25. h6 Ne8 26. Qd3 b5 27.
axb5 axb5 28. Rfb1 bxc4 29. Rxb4 cxb4 30. Qxc4 bxc3 31. Qxc3 f4 32. Qd4
Rxg5 33. Ra7 Rb1+ 34. Kf2 Bb5 35. Qxf4 Rf1+ 36. Ke3 Re5+ 37. Kd4 1-0

[Event "III Copa Roggio C"]
[Site "Asuncion PAR"]
[Date "2010.05.25"]
[Round "5"]
[White "Daneri,M"]
[Black "Goiriz,Y"]
[Result "0-1"]
[WhiteElo "2109"]
[BlackElo "2052"]
[EventDate "2010.05.20"]

1. e4 c6 2. d4 d5 3. Nd2 dxe4 4. Nxe4 Bf5 5. Ng3 Bg6 6. Bc4 e6 7. N1e2 Nd7
8. O-O Nb6 9. Bb3 c5 10. c3 Qd7 11. f4 c4 12. Bc2 Bxc2 13. Qxc2 g6 14. f5
exf5 15. Bf4 Bd6 16. Rae1 Ne7 17. Be5 Bxe5 18. dxe5 O-O-O 19. Nd4 Qd5 20.
e6 fxe6 21. Nxe6 Rd6 22. Nd4 Nc6 23. Nge2 Rhd8 24. Qc1 Qc5 25. Kh1 Nd5 26.
Qh6 Nf6 27. h3 Nxd4 28. Nxd4 Ne4 29. Qf4 a6 30. Rf3 Re8 31. g4 Nf2+ 32.
Rxf2 Rxe1+ 33. Kg2 Qe5 34. gxf5 gxf5 35. Qxf5+ Qxf5 36. Rxf5 b5 37. Rf8+
Rd8 38. Rf6 Rxd4 39. cxd4 Rb1 40. Rf2 Rd1 41. Kg3 Rxd4 42. h4 Kc7 43. h5 b4
44. h6 Kc6 45. Rf7 Rd7 46. Rf8 Rd6 47. Kf4 Kd5 48. Kg5 c3 49. bxc3 bxc3 50.
Rf2 Rc6 0-1

[Event "III Copa Roggio C"]
[Site "Asuncion PAR"]
[Date "2010.05.25"]
[Round "5"]
[White "Ippolitti,H"]
[Black "Butti,E"]
[Result "1-0"]
[WhiteElo "2090"]
[BlackElo "2089"]
[EventDate "2010.05.20"]

1. e4 d6 2. d4 Nf6 3. Nc3 g6 4. Nf3 Bg7 5. Be3 O-O 6. Qd2 a6 7. Bh6 b5 8.
Bd3 c5 9. Bxg7 Kxg7 10. e5 dxe5 11. dxe5 Nfd7 12. h4 h5 13. O-O-O Bb7 14.
Be4 Qc7 15. Nd5 Bxd5 16. Bxd5 Ra7 17. e6 fxe6 18. Ng5 1-0